| 000 | 00610nam a2200229Ia 4500 | ||
|---|---|---|---|
| 003 | OSt | ||
| 005 | 20230516144224.0 | ||
| 008 | 210423s2013 xx 000 0 und d | ||
| 020 | _a978-93-313-1986-9 | ||
| 040 | _cAL | ||
| 041 | _aeng | ||
| 082 |
_a657 _223 _bTULA |
||
| 100 |
_aTULSIANI (Harkishan) _937172 |
||
| 245 | _aAccounting with tally 9 | ||
| 260 |
_aNew Delhi _bA P H Publishing Corporation _c2013 |
||
| 300 |
_a117 _bHB |
||
| 365 |
_b395 _cINR |
||
| 650 |
_aAccounting _937173 |
||
| 650 |
_aManagement & Auxiliary Services 650 _937174 |
||
| 906 | _a9 ; Accounting ; tally | ||
| 942 |
_2ddc _cBK |
||
| 999 |
_c166504 _d166504 |
||